000 01287nam a22003017a 4500
005 2011101100230.0
008 111011t xxu||||| |||| 00| 0 eng d
010 _aENG-103948-49
020 _a9789380505077 (v.1)
_c380.00
020 _a9789380505046 (v.2)
_c350.00
035 _aEN-87481-82
037 _bDBAD/PUB
040 _aDPL
_bEng
082 _a620.00151
100 _935436
_aJayagowri, P.
245 0 0 _aEngineering mathematics :
_cby P. Jayagowri
_bfor I semester B.E. /B. Tech. students common to all branches as per Anna University /
260 _aThanjavur
_bNathi Publications
_c2011
270 _a1271A, Sulthanjiappa Lane, South Rampart
_bThanjavur
_e613001
300 _a2v.(482p. ; 422p.)
_c22cm (pbk)
610 _935431
650 _935432
651 _935433
700 1 _935434
942 _2ddc
_cEN
_mJAY
_h620.00151
999 _c57553
_d57553